عا لم گیر ادب / (Record no. 195872)
[ view plain ]
| 000 -LEADER | |
|---|---|
| fixed length control field | 00622nam a22001937a 4500 |
| 005 - DATE AND TIME OF LATEST TRANSACTION | |
| control field | 20230508112313.0 |
| 010 ## - LCCN (DPL NO) | |
| LC control number | UR-11963 |
| 020 ## - INTERNATIONAL STANDARD BOOK NUMBER | |
| Terms of availability | 600.00. |
| 035 ## - SYSTEM CONTROL NUMBER | |
| System control number | U-10518 |
| 037 ## - SOURCE OF ACQUISITION | |
| Source of stock number/acquisition | DBAD/PUB |
| 082 ## - DEWEY DECIMAL CLASSIFICATION NUMBER | |
| Classification number | 841 |
| 100 ## - MAIN ENTRY--PERSONAL NAME | |
| Personal name | جا وید نا صر |
| 245 ## - TITLE STATEMENT | |
| Title | عا لم گیر ادب / |
| Statement of responsibility, etc | جا وید نا صر |
| 246 ## - VARYING FORM OF TITLE | |
| Title proper/short title | Aalamgeer Adab / |
| Remainder of title | by Jawed Naser |
| 260 ## - PUBLICATION, DISTRIBUTION, ETC. (IMPRINT) | |
| Place of publication, distribution, etc | Aurangabad |
| Name of publisher, distributor, etc | Nawa-e-Deccan Publications |
| Date of publication, distribution, etc | 2016 ء |
| 270 ## - ADDRESS | |
| Address | In front of Mastan Function Hall, Majnu Hills, Rasheedpura |
| City | Aurangabad |
| Postal code | 431001 |
| 300 ## - PHYSICAL DESCRIPTION | |
| Extent | 760 ص |
| Dimensions | 22cm(pbk) |
| Other physical details | col. ill. |
| 942 ## - ADDED ENTRY ELEMENTS (KOHA) | |
| Source of classification or shelving scheme | Dewey Decimal Classification |
| Item type | Urdu Bks |
| Classification part | 841 |
| Call number suffix | ج ا و |
| Withdrawn status | Lost status | Not for loan | Collection code | Home library | Current library | Date acquired | Source of acquisition | Cost, normal purchase price | Full call number | Barcode | Copy number | Cost, replacement price | Koha item type |
|---|---|---|---|---|---|---|---|---|---|---|---|---|---|
| Non-fiction | Shahdara Branch | Shahdara Branch | 08/05/2023 | DBAD/PUB | 600.00 | 841 ج ا و | U-10518 | 1 | 600.00 | Urdu Bks |
